AH International Schools' Libraries

Middle school: (Record no. 49807)

MARC details
000 -LEADER
fixed length control field 00523nam a2200145 4500
020 ## - INTERNATIONAL STANDARD BOOK NUMBER
International Standard Book Number 9780099596783
100 ## - MAIN ENTRY--PERSONAL NAME
Personal name Patterson, James.
9 (RLIN) 66041
245 ## - TITLE STATEMENT
Title Middle school:
Remainder of title the worst years of my life /
Statement of responsibility, etc James Patterson and Chris Tebbets.
260 ## - PUBLICATION, DISTRIBUTION, ETC. (IMPRINT)
Place of publication, distribution, etc London:
Name of publisher, distributor, etc Young Arrow;
Date of publication, distribution, etc 2017.
300 ## - PHYSICAL DESCRIPTION
Extent 281 p.
Other physical details black and white illustrations.
Dimensions 20 cm.
490 ## - SERIES STATEMENT
Series statement the middle school series.
650 ## - SUBJECT ADDED ENTRY--TOPICAL TERM
Topical term or geographic name as entry element Middle school years. Juvenile Fiction.
Form subdivision Fiction.
9 (RLIN) 86941
700 ## - ADDED ENTRY--PERSONAL NAME
Relator code illustrator.
Personal name Laura Park.
9 (RLIN) 83562
942 ## - ADDED ENTRY ELEMENTS (KOHA)
Source of classification or shelving scheme
Koha item type J FIC BOOKS
Holdings
Withdrawn status Lost status Source of classification or shelving scheme Damaged status Not for loan Collection code Home library Current library Shelving location Date acquired Total Checkouts Full call number Barcode Date last seen Date checked out Price effective from Koha item type
          SECONDARY Asian Hope Secondary Library Asian Hope Secondary Library Junior Fiction 11/20/2025 4 J FIC PAT 208768 04/21/2026 04/07/2026 11/20/2025 J FIC BOOKS

For any Logos Library related questions please contact Miss Art at swongnarasuk@asianhope.org.

For any Asian Hope Library related questions please contact Miss Raza at graza@asianhope.org.

Powered by Koha